[Event "II Open Hotel Petra FIDE"]
[Site "Roma ITA"]
[Date "2004.09.17"]
[Round "7"]
[White "Fayard, Alain"]
[Black "De Vita, Igor"]
[Result "1-0"]
[WhiteElo "2253"]
[BlackElo "2156"]
[PlyCount "65"]
[EventDate "2004.09.11"]

1. e4 d6 2. d4 Nf6 3. f3 c6 4. Nc3 Qa5 5. Be3 e5 6. Nge2 b5 7. Qd2 Be6 8. a3
Bc4 9. Ng3 Bxf1 10. Rxf1 Nbd7 11. Kf2 Qc7 12. Kg1 g6 13. h3 a6 14. f4 Be7 15.
Rf2 O-O-O 16. a4 Kb7 17. axb5 axb5 18. Nxb5 cxb5 19. dxe5 Nb6 20. exf6 Bxf6 21.
Bxb6 Kxb6 22. Qa5+ Kc6 23. Qb4 Qb6 24. Rd1 Qc5 25. Qb3 Bd4 26. Qd5+ Qxd5 27.
exd5+ Kc5 28. Ne4+ Kxd5 29. c3 Kxe4 30. Rxd4+ Kf5 31. Rd5+ Ke4 32. Rfd2 Ke3 33.
R5d4 1-0

[Event "II Open Hotel Petra FIDE"]
[Site "Roma ITA"]
[Date "2004.09.17"]
[Round "7"]
[White "Marta, Daniele"]
[Black "Rocchetti, Marco"]
[Result "1-0"]
[WhiteElo "2089"]
[BlackElo "1978"]
[PlyCount "81"]
[EventDate "2004.09.11"]

1. d4 d6 2. Nf3 Nd7 3. e4 g6 4. Be2 Bg7 5. O-O e5 6. c4 Ne7 7. Nc3 O-O 8. d5 a5
9. Be3 f5 10. Ng5 Nf6 11. f3 h6 12. Ne6 Bxe6 13. dxe6 f4 14. Bf2 b6 15. a3 Nc6
16. Nd5 Rc8 17. b4 Qe8 18. Qa4 axb4 19. Qxc6 bxa3 20. Rxa3 Qxc6 21. Ne7+ Kh7
22. Nxc6 Rfe8 23. c5 Rxe6 24. Bc4 Ree8 25. Bf7 Rf8 26. Ne7 Rxf7 27. Nxc8 bxc5
28. Rd1 g5 29. Ra7 Kg6 30. h3 h5 31. Kf1 g4 32. Ke2 Rd7 33. Bxc5 gxf3+ 34. gxf3
dxc5 35. Rxd7 Nxd7 36. Rxc7 Nf8 37. Rxc5 Ne6 38. Rc6 Kf7 39. Nd6+ Kg8 40. Nf5
Ng5 41. Rg6 1-0

[Event "II Open Hotel Petra FIDE"]
[Site "Roma ITA"]
[Date "2004.09.17"]
[Round "7"]
[White "Placchetta, Omero"]
[Black "Di Lascio, Savino"]
[Result "0-1"]
[WhiteElo "1571"]
[BlackElo "2024"]
[PlyCount "136"]
[EventDate "2004.09.11"]

1. e4 c6 2. d4 d5 3. Nc3 dxe4 4. Nxe4 Nf6 5. Nc3 g6 6. Nf3 Bg7 7. Be2 O-O 8. h3
a5 9. Bf4 a4 10. Bxb8 Rxb8 11. Nxa4 Nd5 12. Nc3 Qa5 13. Qd2 Nxc3 14. Qxc3 Qa7
15. O-O c5 16. Qxc5 Qxc5 17. dxc5 Bxb2 18. Rab1 Ba3 19. c6 Bd6 20. cxb7 Bxb7
21. a4 Bc6 22. a5 Ra8 23. a6 Bxf3 24. gxf3 Rfc8 25. Bd3 Ra7 26. Rb7 Rxb7 27.
axb7 Rb8 28. Rb1 Kg7 29. c4 Kf6 30. Be4 e6 31. Rb5 Ke7 32. c5 Bc7 33. Rb3 h6
34. Ra3 g5 35. Ra8 Kd7 36. c6+ Ke7 37. Bc2 Kd6 38. Ba4 Ke5 39. Kf1 Kf4 40. Ke2
h5 41. Bc2 Ke5 42. Ra4 h4 43. Re4+ Kd6 44. Ba4 Ke7 45. Rd4 Rd8 46. Rd7+ Rxd7
47. cxd7 Bb8 48. Kd3 Kd8 49. Kc4 Ke7 50. Kb5 Kxd7 51. Kb6+ Kd6 52. Be8 f5 53.
Bh5 e5 54. Bg6 Ke6 55. Kc6 Kf6 56. Bh5 Ke7 57. Bg6 Kf6 58. Bh5 Ke7 59. Bg6 Ke6
60. Be8 Ke7 61. Bd7 Kf6 62. Kd5 Bc7 63. Bc8 Bb8 64. Kc6 e4 65. fxe4 g4 66. Bxf5
g3 67. fxg3 hxg3 68. e5+ Kxe5 0-1

[Event "II Open Hotel Petra FIDE"]
[Site "Roma ITA"]
[Date "2004.09.17"]
[Round "7"]
[White "Romagnoli, Moreno"]
[Black "Dentale, Enrico"]
[Result "0-1"]
[WhiteElo "1891"]
[BlackElo "1946"]
[PlyCount "34"]
[EventDate "2004.09.11"]

1. e4 Nf6 2. e5 Nd5 3. d4 d6 4. c4 Nb6 5. h4 dxe5 6. d5 c6 7. Nc3 e6 8. Nf3
exd5 9. cxd5 Bg4 10. Be2 Bxf3 11. Bxf3 Bb4 12. dxc6 Bxc3+ 13. bxc3 Qxd1+ 14.
Kxd1 Nxc6 15. Ba3 Nc4 16. Rh3 O-O-O+ 17. Ke2 Rd2+ 0-1

[Event "II Open Hotel Petra FIDE"]
[Site "Roma ITA"]
[Date "2004.09.17"]
[Round "7"]
[White "Scacco, Mauro"]
[Black "Pienabarca, Nicola"]
[Result "1/2-1/2"]
[WhiteElo "2117"]
[BlackElo "2100"]
[PlyCount "107"]
[EventDate "2004.09.11"]

1. e4 e6 2. Nf3 d5 3. e5 c5 4. b4 cxb4 5. d4 Nc6 6. Bd3 Qb6 7. O-O Bd7 8. Be3
Rc8 9. Nbd2 Na5 10. a4 Ne7 11. Ng5 Nf5 12. Qf3 Nh6 13. Nh3 Be7 14. Nf4 O-O 15.
g4 f5 16. gxf5 Nxf5 17. Kh1 Nc4 18. Nb3 Nb2 19. Nc5 Bxc5 20. dxc5 Qc7 21. c6
Qxc6 22. Bb5 Qc7 23. Nxd5 Nxe3 24. Nxc7 Rxf3 25. Bxd7 Nxf1 26. Bxc8 Nd2 27.
Bxe6+ Kf8 28. Kg2 Rc3 29. Nd5 Rxc2 30. Bd7 Ne4 31. e6 Nd6 32. Re1 Nd3 33. e7+
Kf7 34. e8=Q+ Nxe8 35. Bxe8+ Kf8 36. Re3 Rxf2+ 37. Kg3 Rd2 38. Bh5 g6 39. Be2
Nc5 40. Nxb4 Nxa4 41. Bf3 b6 42. Ra3 b5 43. Nd5 Rc2 44. Nf6 Kg7 45. Ne4 a6 46.
h4 Rc6 47. Rd3 Nc5 48. Nxc5 Rxc5 49. Ra3 b4 50. Rxa6 Rb5 51. Ra7+ Kh6 52. Bc6
Rb8 53. Rb7 Rxb7 54. Bxb7 1/2-1/2

[Event "II Open Hotel Petra FIDE"]
[Site "Roma ITA"]
[Date "2004.09.17"]
[Round "7"]
[White "Simeoni, Matteo"]
[Black "Russi, Roberto"]
[Result "1-0"]
[WhiteElo "2032"]
[BlackElo "2086"]
[PlyCount "161"]
[EventDate "2004.09.11"]

1. e4 c5 2. Nf3 e6 3. c4 d6 4. d4 cxd4 5. Nxd4 Nf6 6. Nc3 a6 7. Be2 Nbd7 8. O-O
b6 9. Be3 Bb7 10. f3 Be7 11. Qd2 Rc8 12. Rfd1 O-O 13. Rac1 Rc7 14. Qe1 Qa8 15.
Qg3 Rfc8 16. a4 Kh8 17. Bf1 Ne5 18. b3 Ned7 19. Nde2 Nc5 20. Rb1 Ncd7 21. Qf2
d5 22. exd5 exd5 23. Nd4 Bb4 24. Na2 Bf8 25. Bf4 dxc4 26. Bxc4 Rc5 27. Bxf7 Bd5
28. Ne6 Bxe6 29. Bxe6 Rc2 30. Rd2 Qc6 31. Rxc2 Qxc2 32. Rc1 Qxf2+ 33. Kxf2 Re8
34. Bc4 Bc5+ 35. Kf1 a5 36. Bb5 Re7 37. Rd1 h6 38. Nc3 g5 39. Bc1 Kh7 40. Bb2
h5 41. Nd5 Rf7 42. Bc4 Rf8 43. Nc7 Rc8 44. Ne6 Be3 45. Ke2 Bf4 46. g3 Be5 47.
Nxg5+ Kg6 48. Bc1 Nc5 49. Bf7+ Kg7 50. Be6 Re8 51. f4 Bc3 52. f5 Nxb3 53. Be3
Nc5 54. Bxc5 bxc5 55. Kd3 Bb4 56. Kc4 Rb8 57. Rd6 Ba3 58. Ra6 Rb4+ 59. Kc3 Rxa4
60. Ra7+ Kh6 61. Nf7+ Kg7 62. Kb3 Rd4 63. Kxa3 Ne4 64. Ng5+ Kf6 65. Nxe4+ Rxe4
66. Rxa5 Re2 67. Rxc5 Rxh2 68. Rc4 Rh3 69. Rc3 h4 70. Kb4 hxg3 71. Rc1 g2 72.
Rg1 Rg3 73. Kc5 Ke5 74. Bd7 Rg7 75. Kc6 Rg3 76. Kc7 Rc3+ 77. Kd8 Kf6 78. Rxg2
Rf3 79. Rg6+ Kf7 80. Be6+ Kf8 81. Rg8# 1-0

[Event "II Open Hotel Petra FIDE"]
[Site "Roma ITA"]
[Date "2004.09.17"]
[Round "7"]
[White "Tribuiani, Renato"]
[Black "Ciotoli, Patrizio"]
[Result "0-1"]
[WhiteElo "2119"]
[BlackElo "2164"]
[PlyCount "119"]
[EventDate "2004.09.11"]

1. e4 c6 2. d4 d5 3. e5 c5 4. Nc3 e6 5. Nf3 Nc6 6. Be2 cxd4 7. Nxd4 Bb4 8. Qd3
Nge7 9. Nxc6 bxc6 10. O-O O-O 11. a3 Bxc3 12. Qxc3 Qc7 13. Be3 Rd8 14. Bc5 Nf5
15. Rad1 a5 16. Rfe1 Ba6 17. Bg4 Re8 18. Qh3 Qc8 19. Bf3 Qd8 20. g4 Nh4 21. Rd4
Nxf3+ 22. Qxf3 Rb8 23. b4 axb4 24. axb4 Rb7 25. Qe3 f6 26. Qg3 Rf7 27. Rf4 Bb5
28. Qc3 f5 29. Ra1 g5 30. Rf3 Be2 31. Rg3 Bxg4 32. h3 Be2 33. Qd2 f4 34. Rga3
Bc4 35. f3 Qc7 36. Qe1 Rf5 37. Bd4 Qf7 38. Ra7 Qh5 39. Kg2 Qg6 40. Qd1 h5 41.
Rc7 g4 42. hxg4 hxg4 43. Kf2 g3+ 44. Ke1 Rh5 45. Kd2 Rh2+ 46. Kc3 Be2 47. Qc1
Bxf3 48. Raa7 Kh8 49. Rg7 Qe4 50. Raf7 Rh1 51. Qd2 Rh2 52. Qc1 Rh4 53. Rg5 c5
54. Bxc5 Qc4+ 55. Kb2 Ra8 56. Ra7 Rxa7 57. Bxa7 Qxb4+ 58. Ka2 Qa4+ 59. Kb2 Qxa7
60. Qf1 0-1

[Event "II Open Hotel Petra FIDE"]
[Site "Roma ITA"]
[Date "2004.09.18"]
[Round "8"]
[White "Almonti, Alessandro"]
[Black "Placchetta, Omero"]
[Result "1-0"]
[WhiteElo "2033"]
[BlackElo "1571"]
[PlyCount "49"]
[EventDate "2004.09.11"]

1. e4 e5 2. d4 exd4 3. c3 c6 4. cxd4 Bb4+ 5. Nc3 Qe7 6. Bd3 d5 7. e5 b5 8. Nge2
Bg4 9. O-O Nd7 10. a4 Bxc3 11. bxc3 b4 12. cxb4 Qxb4 13. Ba3 Qb7 14. Rb1 Qc8
15. Qd2 a5 16. Qg5 Bxe2 17. Bxe2 g6 18. Qe3 Kd8 19. Bd6 Ne7 20. e6 f5 21. Bf3
Nf6 22. Qe5 Rf8 23. Rb3 Ng4 24. Bxg4 fxg4 25. Rfb1 1-0

[Event "II Open Hotel Petra FIDE"]
[Site "Roma ITA"]
[Date "2004.09.18"]
[Round "8"]
[White "Bellincampi, Stefano"]
[Black "Di Lascio, Savino"]
[Result "1-0"]
[WhiteElo "2064"]
[BlackElo "2024"]
[PlyCount "97"]
[EventDate "2004.09.11"]

1. e4 c6 2. d4 d5 3. Nc3 dxe4 4. Nxe4 Nf6 5. Nxf6+ gxf6 6. Nf3 Bf5 7. Bd3 Nd7
8. O-O Bxd3 9. Qxd3 Qc7 10. c4 e6 11. Re1 O-O-O 12. Qc2 h5 13. Qa4 Kb8 14. Bd2
Bh6 15. Ba5 b6 16. Qb3 Ka8 17. Bc3 Rhg8 18. g3 Rg4 19. c5 bxc5 20. dxc5 Nxc5
21. Qc2 f5 22. Be5 Qb6 23. Rad1 Rd5 24. Rxd5 cxd5 25. Bd4 Rxd4 26. Nxd4 Kb7 27.
Nf3 Ne4 28. Rd1 Nxf2 29. Rd4 Be3 30. Ra4 Ne4+ 31. Kg2 Bd2 32. Rxe4 fxe4 33.
Nxd2 e3 34. Nb3 d4 35. Qe4+ Kc7 36. Nxd4 Qxb2+ 37. Qc2+ Qxc2+ 38. Nxc2 Kd6 39.
Kf3 Ke5 40. Kxe3 h4 41. gxh4 f5 42. Nb4 f4+ 43. Kf3 Kf5 44. Nc6 e5 45. Nxe5
Kxe5 46. h5 Kf6 47. h6 Kg6 48. Kxf4 Kxh6 49. Ke5 1-0

[Event "II Open Hotel Petra FIDE"]
[Site "Roma ITA"]
[Date "2004.09.18"]
[Round "8"]
[White "Cappai, Davide"]
[Black "Fayard, Alain"]
[Result "0-1"]
[WhiteElo "2132"]
[BlackElo "2253"]
[PlyCount "46"]
[EventDate "2004.09.11"]

1. e4 c5 2. Nf3 d6 3. d4 cxd4 4. Nxd4 Nf6 5. Nc3 g6 6. Be3 Bg7 7. f3 Nc6 8. Qd2
O-O 9. Bc4 Bd7 10. O-O-O Rc8 11. Bb3 Nxd4 12. Bxd4 b5 13. e5 dxe5 14. Bxe5 Bc6
15. Qxd8 Rfxd8 16. Rxd8+ Rxd8 17. Rd1 Bh6+ 18. Kb1 Rxd1+ 19. Nxd1 Nd7 20. Bd4
a6 21. Ne3 Bf4 22. Nd5 Bd6 23. h3 23... Nc5 $138 0-1

[Event "II Open Hotel Petra FIDE"]
[Site "Roma ITA"]
[Date "2004.09.18"]
[Round "8"]
[White "Cavatorta, Fosco"]
[Black "Romagnoli, Moreno"]
[Result "1/2-1/2"]
[WhiteElo "2057"]
[BlackElo "1891"]
[PlyCount "114"]
[EventDate "2004.09.11"]

1. Nf3 Nf6 2. d3 e6 3. e4 Be7 4. g3 b6 5. Bg2 Bb7 6. O-O c5 7. Nbd2 d6 8. a4
Nbd7 9. Re1 O-O 10. Nh4 Qc7 11. f4 Rac8 12. b3 Ne8 13. Ndf3 Bf6 14. Rb1 Qd8 15.
Bb2 Bxb2 16. Rxb2 Qf6 17. e5 dxe5 18. fxe5 Qe7 19. Nd2 Bxg2 20. Kxg2 f6 21.
Nhf3 fxe5 22. Qe2 Qf6 23. Nc4 Nc7 24. Nd6 e4 25. Qxe4 Qxb2 26. Nxc8 Rxc8 27.
Qb7 Qxc2+ 28. Kh3 Rf8 29. Qxc7 Qf2 30. Qxd7 Qxf3 31. Qxe6+ Kh8 32. Qe4 Qf6 33.
Qe7 Qf5+ 34. Kg2 h5 35. Qe5 Qf3+ 36. Kh3 h4 37. Re4 hxg3 38. Rh4+ Kg8 39. Qe6+
Qf7 40. Qxf7+ Rxf7 41. Kxg3 Rd7 42. d4 cxd4 43. Kf2 Kf7 44. Ke2 Ke6 45. Kd3 Ke5
46. b4 g5 47. Re4+ Kf5 48. a5 bxa5 49. bxa5 Rd5 50. Rxd4 Rxd4+ 51. Kxd4 Kg4 52.
Ke4 Kh4 53. Kf5 Kh5 54. h3 Kh6 55. a6 Kh5 56. Kf6 Kh6 57. Kf5 Kh5 1/2-1/2

[Event "II Open Hotel Petra FIDE"]
[Site "Roma ITA"]
[Date "2004.09.18"]
[Round "8"]
[White "Ciotoli, Patrizio"]
[Black "Rossi, Aldo A."]
[Result "1-0"]
[WhiteElo "2164"]
[BlackElo "2036"]
[PlyCount "77"]
[EventDate "2004.09.11"]

1. e4 d6 2. Nf3 c6 3. d4 Nf6 4. Bd3 Bg4 5. c3 e6 6. Bg5 Be7 7. Nbd2 Nbd7 8. Qc2
Bh5 9. h3 Bg6 10. Nh4 Bh5 11. g4 Ng8 12. Bxe7 Qxe7 13. Ng2 Bg6 14. h4 f6 15.
O-O-O O-O-O 16. Nf4 e5 17. Ne2 Qe6 18. Qa4 Kb8 19. f3 Nb6 20. Qa5 Ne7 21. Rdg1
Bf7 22. h5 g6 23. f4 gxh5 24. f5 Qd7 25. g5 Qc7 26. gxf6 Ng8 27. Rg7 Nxf6 28.
Bc4 Rd7 29. Rxf7 Rxf7 30. Bxf7 Qxf7 31. dxe5 dxe5 32. Qxe5+ Ka8 33. Nd4 Rd8 34.
b3 Nbd7 35. Qc7 Qe7 36. Ne6 Rg8 37. Rd1 h4 38. Nc4 h3 39. Na5 1-0

[Event "II Open Hotel Petra FIDE"]
[Site "Roma ITA"]
[Date "2004.09.18"]
[Round "8"]
[White "Dentale, Enrico"]
[Black "Tribuiani, Renato"]
[Result "0-1"]
[WhiteElo "1946"]
[BlackElo "2119"]
[PlyCount "58"]
[EventDate "2004.09.11"]

1. d4 d5 2. Nf3 c6 3. Bf4 Nf6 4. e3 Qb6 5. Qc1 Bg4 6. Nbd2 e6 7. Bd3 Nbd7 8.
O-O Nh5 9. Bg3 Nxg3 10. hxg3 f5 11. c4 Be7 12. c5 Qc7 13. Nh2 Bh5 14. Qc2 Nf6
15. b4 a6 16. a4 O-O 17. Rfb1 Ne4 18. b5 e5 19. bxc6 bxc6 20. Rb6 exd4 21. exd4
a5 22. Nhf3 Bf6 23. Qb2 Ra7 24. Nf1 Nxc5 25. Bxf5 Bxf3 26. Rxc6 Qxc6 27. gxf3
Nxa4 28. Qb1 Bxd4 29. Bxh7+ Kh8 0-1

[Event "II Open Hotel Petra FIDE"]
[Site "Roma ITA"]
[Date "2004.09.18"]
[Round "8"]
[White "Occhipinti, Massimo"]
[Black "Marta, Daniele"]
[Result "1/2-1/2"]
[WhiteElo "2089"]
[BlackElo "2089"]
[PlyCount "78"]
[EventDate "2004.09.11"]

1. e4 e6 2. d4 d5 3. e5 c5 4. dxc5 Bxc5 5. Bd3 b6 6. Nf3 Ba6 7. O-O Qc8 8. Nc3
Ne7 9. Bf4 Bxd3 10. cxd3 Ng6 11. Bg3 O-O 12. h4 h6 13. h5 Ne7 14. Rc1 Qa6 15.
d4 Bb4 16. a3 Bxc3 17. Rxc3 Rc8 18. Qd2 Nd7 19. Rfc1 Rxc3 20. Rxc3 Rc8 21. Bf4
Rxc3 22. Qxc3 Qc4 23. Qd2 Kh7 24. g4 Nb8 25. g5 Nf5 26. gxh6 gxh6 27. Bxh6 Nxh6
28. Ng5+ Kg7 29. Nxe6+ fxe6 30. Qg5+ Kf7 31. Qf6+ Ke8 32. Qxe6+ Kd8 33. Qxh6
Qxd4 34. Qf6+ Kc7 35. Qd6+ Kb7 36. h6 Qg4+ 37. Kf1 Qd1+ 38. Kg2 Qg4+ 39. Kf1
Qd1+ 1/2-1/2

[Event "II Open Hotel Petra FIDE"]
[Site "Roma ITA"]
[Date "2004.09.18"]
[Round "8"]
[White "Pienabarca, Nicola"]
[Black "De Vita, Igor"]
[Result "1/2-1/2"]
[WhiteElo "2100"]
[BlackElo "2156"]
[PlyCount "98"]
[EventDate "2004.09.11"]

1. d4 d6 2. Nf3 Nf6 3. g3 Nbd7 4. Bg2 e5 5. dxe5 dxe5 6. O-O Be7 7. b3 c6 8.
Na3 Qc7 9. Nc4 b5 10. Ne3 O-O 11. c4 b4 12. Bb2 Bc5 13. Qc1 Ne8 14. Nf5 f6 15.
a3 Nb6 16. Ne3 a5 17. axb4 axb4 18. Rxa8 Nxa8 19. Nc2 Qb6 20. Nfe1 Nac7 21. Nd3
Na6 22. Nxc5 Qxc5 23. Qd2 Nd6 24. Rd1 Nb7 25. Qe3 Bf5 26. Qxc5 Nbxc5 27. Ne3
Bd7 28. Rd6 Rc8 29. g4 Kf7 30. Rd1 Ke7 31. Ra1 Ra8 32. Nf5+ Bxf5 33. gxf5 Kd6
34. Rd1+ Kc7 35. f4 exf4 36. Bc1 Nxb3 37. Bxf4+ Kb6 38. Rd7 Nbc5 39. Rxg7 b3
40. Bc1 Na4 41. Rxh7 Re8 42. e4 N6c5 43. Rf7 b2 44. Bxb2 Nxb2 45. Rxf6 Nxc4 46.
Rg6 Nxe4 47. Re6 Rxe6 48. fxe6 Nf6 49. Bxc6 Kxc6 1/2-1/2

[Event "II Open Hotel Petra FIDE"]
[Site "Roma ITA"]
[Date "2004.09.18"]
[Round "8"]
[White "Rocchetti, Marco"]
[Black "Russi, Roberto"]
[Result "1/2-1/2"]
[WhiteElo "1978"]
[BlackElo "2086"]
[PlyCount "104"]
[EventDate "2004.09.11"]

1. d4 d5 2. Nf3 Nf6 3. Bf4 c6 4. Nbd2 Bf5 5. c3 Nbd7 6. e3 h6 7. h3 e6 8. Be2
Be7 9. O-O O-O 10. Bh2 Re8 11. Qb3 Qb6 12. Ne5 Nxe5 13. Qxb6 axb6 14. Bxe5 Nd7
15. Bh2 b5 16. a3 Bf6 17. f4 Be7 18. g4 Bh7 19. Nf3 Nb6 20. Rad1 Bc2 21. Rd2
Bb3 22. Bd3 Bc4 23. Ne5 Bb3 24. Bg3 Bd6 25. Kg2 f6 26. Nf3 Bc4 27. Bxc4 Nxc4
28. Re2 e5 29. fxe5 fxe5 30. dxe5 Bxe5 31. Bxe5 Nxe5 32. Nxe5 Rxe5 33. Rf3 Rae8
34. Kf2 R8e7 35. Rd2 c5 36. Rd3 g5 37. Rd2 Rf7 38. Rd3 Kf8 39. Rd2 Rxf3+ 40.
Kxf3 Ke7 41. Ke2 Kd6 42. Rd1 Re6 43. Kd3 Ke5 44. Rf1 Rf6 45. Rxf6 Kxf6 46. e4
Ke5 47. exd5 Kxd5 48. b3 b4 49. cxb4 cxb4 50. a4 b6 51. Ke3 Ke5 52. Kd3 Kd5
1/2-1/2

[Event "IV C.to Europeo seniores"]
[Site "Arvier ITA"]
[Date "2004.09.10"]
[Round "1"]
[White "Arkhangelsky, Boris"]
[Black "Bitzer, Dieter"]
[Result "1-0"]
[WhiteElo "2376"]
[BlackElo "2018"]
[PlyCount "91"]
[EventDate "2004.09.10"]

1. d4 d5 2. Nf3 Nf6 3. c4 e6 4. Nc3 Nbd7 5. cxd5 exd5 6. Bg5 h6 7. Bh4 Be7 8.
e3 c6 9. Qc2 Nf8 10. Bd3 Bg4 11. Ne5 Be6 12. h3 N6d7 13. Bg3 Nf6 14. O-O-O N6d7
15. f4 Nxe5 16. dxe5 Qb6 17. Rhe1 Nd7 18. f5 O-O-O 19. fxe6 fxe6 20. Kb1 Rhf8
21. Rc1 Kb8 22. Ka1 Ka8 23. Bg6 c5 24. Qb3 c4 25. Qxb6 axb6 26. Nb5 Nc5 27.
Rcd1 Bg5 28. Kb1 Rd7 29. Kc2 Rfd8 30. Nd4 Ka7 31. h4 Be7 32. Rf1 Ka6 33. Rf7 b5
34. Rdf1 b4 35. Rxg7 b3+ 36. axb3 cxb3+ 37. Nxb3 Nxb3 38. Kxb3 Bc5 39. Rxd7
Rxd7 40. Bf4 Rg7 41. h5 d4 42. Bxh6 Rg8 43. exd4 Bxd4 44. Rf8 Rxf8 45. Bxf8
Bxe5 46. h6 1-0

[Event "IV C.to Europeo seniores"]
[Site "Arvier ITA"]
[Date "2004.09.10"]
[Round "1"]
[White "Cleal, John"]
[Black "Shabanov, Yuri"]
[Result "0-1"]
[WhiteElo "2052"]
[BlackElo "2429"]
[PlyCount "38"]
[EventDate "2004.09.10"]

1. e4 d6 2. d4 Nf6 3. f3 Nc6 4. Bb5 a6 5. Bxc6+ bxc6 6. Ne2 Nd7 7. O-O e5 8. c3
Be7 9. Be3 O-O 10. Nd2 a5 11. f4 Ba6 12. fxe5 dxe5 13. Rf3 exd4 14. cxd4 c5 15.
Rh3 Nf6 16. e5 Ng4 17. Nf4 Nxe3 18. Qh5 h6 19. Nf3 Bg5 0-1

[Event "IV C.to Europeo seniores"]
[Site "Arvier ITA"]
[Date "2004.09.10"]
[Round "1"]
[White "Fainstein, Vladimir"]
[Black "Gruzmann, Boris"]
[Result "0-1"]
[WhiteElo "2103"]
[BlackElo "2314"]
[PlyCount "51"]
[EventDate "2004.09.10"]

1. d4 Nf6 2. c4 g6 3. Nc3 Bg7 4. g3 O-O 5. Bg2 d6 6. Nf3 c6 7. O-O Qa5 8. Qc2
Qh5 9. b3 Bh3 10. Bb2 Ng4 11. Rad1 e5 12. d5 f5 13. Nh4 Bxg2 14. Kxg2 g5 15. h3
gxh4 16. hxg4 fxg4 17. gxh4 Qxh4 18. Qd3 Rf3 19. Qe4 Nd7 20. dxc6 Raf8 21. Qd5+
Kh8 22. Ne4 Nf6 23. Rh1 Rh3 24. Qd3 Nxe4 25. Rxh3 gxh3+ 26. Kh2 0-1

[Event "IV C.to Europeo seniores"]
[Site "Arvier ITA"]
[Date "2004.09.10"]
[Round "1"]
[White "Gardi, Giuseppe"]
[Black "Tseitlin, Mark D."]
[Result "0-1"]
[WhiteElo "2061"]
[BlackElo "2484"]
[PlyCount "84"]
[EventDate "2004.09.10"]

1. d4 Nf6 2. Nf3 g6 3. Bf4 Bg7 4. e3 O-O 5. h3 d6 6. Be2 b6 7. O-O Bb7 8. a4 a6
9. Na3 c5 10. c3 Nbd7 11. Qb3 Qc7 12. Rad1 Bd5 13. c4 Bb7 14. d5 Ne8 15. Rd2
Ne5 16. Rfd1 Bc8 17. Qc2 Nxf3+ 18. Bxf3 Bd7 19. Bg4 f5 20. Bf3 h6 21. Re2 g5
22. Bh2 Nf6 23. Ree1 Rab8 24. Be2 g4 25. h4 Nh5 26. Bd3 Bf6 27. Bf4 Bxh4 28.
Bxh6 Rf7 29. g3 Bf6 30. Kg2 Rh7 31. Bf4 Qc8 32. Rh1 e5 33. dxe6 Bc6+ 34. e4
Qxe6 35. Kg1 Nxf4 36. gxf4 Rxh1+ 37. Kxh1 Bd4 38. Kg1 fxe4 39. Qe2 Qf5 40. Bc2
Qxf4 41. Rxd4 cxd4 42. Bd1 Rb7 0-1

[Event "IV C.to Europeo seniores"]
[Site "Arvier ITA"]
[Date "2004.09.10"]
[Round "1"]
[White "Hecht, Hans-Joachim"]
[Black "Krasevec, Viktor"]
[Result "1-0"]
[WhiteElo "2423"]
[BlackElo "2043"]
[PlyCount "81"]
[EventDate "2004.09.10"]

1. d4 d5 2. c4 e6 3. Nf3 Nf6 4. g3 Nbd7 5. Bg2 Bb4+ 6. Bd2 Bxd2+ 7. Nbxd2 O-O
8. O-O c6 9. Qc2 Re8 10. Rad1 Qa5 11. Rfe1 Nf8 12. a3 Bd7 13. Ne5 Rec8 14. Nd3
Qd8 15. e4 dxe4 16. Nxe4 Nxe4 17. Bxe4 b6 18. Qe2 Be8 19. Qe3 Rab8 20. h4 h6
21. Ne5 f6 22. Nd3 g5 23. hxg5 hxg5 24. f4 f5 25. Bf3 Rb7 26. d5 g4 27. Bg2
cxd5 28. cxd5 Rc2 29. Nb4 Rxg2+ 30. Kxg2 Rd7 31. Nc6 Qa8 32. b4 Rh7 33. b5 a6
34. a4 axb5 35. axb5 Bd7 36. Rh1 exd5 37. Rxh7 Nxh7 38. Qd4 Be6 39. Ra1 Qf8 40.
Qe5 Qc8 41. Ne7+ 1-0

[Event "IV C.to Europeo seniores"]
[Site "Arvier ITA"]
[Date "2004.09.10"]
[Round "1"]
[White "Jansa, Vlastimil"]
[Black "Ziltener, Werner"]
[Result "1-0"]
[WhiteElo "2500"]
[BlackElo "2084"]
[PlyCount "73"]
[EventDate "2004.09.10"]

1. e4 e5 2. Nf3 Nc6 3. Bb5 Nf6 4. O-O Bc5 5. c3 O-O 6. d4 Bb6 7. Bg5 d6 8. a4
a6 9. Bxc6 bxc6 10. a5 Ba7 11. dxe5 dxe5 12. Qxd8 Rxd8 13. Nxe5 Re8 14. Bxf6
gxf6 15. Nxc6 Rxe4 16. Nxa7 Rxa7 17. Nd2 Re2 18. Rad1 Be6 19. Rfe1 Rxe1+ 20.
Rxe1 f5 21. Re5 c6 22. Kf1 Rd7 23. Ke2 Rd6 24. Nf3 Kg7 25. Ke3 Rd1 26. Rc5 Bd5
27. Nd4 Re1+ 28. Kf4 Rb1 29. b4 Rb2 30. Nxc6 Bxg2 31. f3 Bf1 32. Nd4 Bd3 33. h4
Rh2 34. Kg3 Rh1 35. Nxf5+ Kf6 36. Kf4 Ke6 37. Rc6+ 1-0

[Event "IV C.to Europeo seniores"]
[Site "Arvier ITA"]
[Date "2004.09.10"]
[Round "1"]
[White "Klovans, Janis"]
[Black "Gousseinov, Aguif"]
[Result "1-0"]
[WhiteElo "2456"]
[BlackElo "2059"]
[PlyCount "53"]
[EventDate "2004.09.10"]

1. e4 e5 2. Nf3 Nf6 3. d4 exd4 4. e5 Ne4 5. Qxd4 d5 6. exd6 Nxd6 7. Nc3 Nf5 8.
Qxd8+ Kxd8 9. Ng5 Nd6 10. Nb5 Be6 11. Nxe6+ fxe6 12. Bg5+ Kd7 13. O-O-O a6 14.
Nd4 Nc6 15. Nxc6 Kxc6 16. g3 Re8 17. Bg2+ Kd7 18. Bxb7 h6 19. Bf4 e5 20. Be3 g5
21. Bxa6 Ke6 22. Be2 Ra8 23. a3 Be7 24. Rhe1 Kf6 25. f4 Nf5 26. fxe5+ Kxe5 27.
Bf3 1-0

[Event "IV C.to Europeo seniores"]
[Site "Arvier ITA"]
[Date "2004.09.10"]
[Round "1"]
[White "Labarthe, Arnaud"]
[Black "Bukal, Vladimir sr"]
[Result "0-1"]
[WhiteElo "2028"]
[BlackElo "2397"]
[PlyCount "56"]
[EventDate "2004.09.10"]

1. d4 d5 2. c4 c6 3. Nc3 Nf6 4. Bg5 e6 5. e3 a6 6. a3 Nbd7 7. Nf3 Bd6 8. Bd3 h6
9. Bh4 O-O 10. Bg3 Bxg3 11. hxg3 Qe7 12. Ne5 c5 13. f4 dxc4 14. Bxc4 Rd8 15.
Qe2 cxd4 16. exd4 Nb6 17. O-O-O Nxc4 18. Qxc4 Bd7 19. Qc5 Qe8 20. Kb1 Rac8 21.
Qb4 Bc6 22. Rh2 Ne4 23. Nxe4 Bxe4+ 24. Ka1 Rc2 25. Nc4 Qc6 26. Qb6 Qxb6 27.
Nxb6 Rc6 28. Na4 Bc2 0-1

[Event "IV C.to Europeo seniores"]
[Site "Arvier ITA"]
[Date "2004.09.10"]
[Round "1"]
[White "Lein, Marina"]
[Black "Joksic, Sinisa"]
[Result "0-1"]
[WhiteElo "2007"]
[BlackElo "2340"]
[PlyCount "94"]
[EventDate "2004.09.10"]

1. c4 g6 2. Nc3 Bg7 3. Nf3 f5 4. d4 Nf6 5. g3 d6 6. Bg2 O-O 7. O-O Nc6 8. Rb1
e5 9. dxe5 dxe5 10. Bg5 h6 11. Qxd8 Nxd8 12. Bxf6 Rxf6 13. Nd5 Rf7 14. Rfd1 Ne6
15. Nh4 c6 16. Nxg6 cxd5 17. cxd5 Nf8 18. Nxf8 Bxf8 19. d6 Be6 20. Bd5 Bxd5 21.
Rxd5 Bg7 22. d7 Rd8 23. Rbd1 Re7 24. e3 Kf7 25. Rd6 Re6 26. R6d5 Rc6 27. f4
exf4 28. Rxf5+ Rf6 29. Rxf6+ Kxf6 30. gxf4 Ke6 31. b3 Rxd7 32. Rxd7 Kxd7 33.
Kf2 Ke6 34. e4 Bb2 35. Kf3 Bc1 36. Kg4 Kf6 37. Kf3 Bd2 38. Kg4 Bc1 39. Kf3 Ba3
40. Kg4 b5 41. Kh5 Bc1 42. Kg4 b4 43. h4 h5+ 44. Kf3 Bd2 45. f5 Ke5 46. Ke2 Bc3
47. Kd3 Be1 0-1

[Event "IV C.to Europeo seniores"]
[Site "Arvier ITA"]
[Date "2004.09.10"]
[Round "1"]
[White "Loktiev, Ivan"]
[Black "Pipitone, Antonio"]
[Result "1-0"]
[WhiteElo "2410"]
[BlackElo "2029"]
[PlyCount "83"]
[EventDate "2004.09.10"]

1. d4 Nf6 2. Nf3 g6 3. c4 c5 4. d5 e6 5. Nc3 exd5 6. cxd5 d6 7. Bf4 Bg7 8. Qa4+
Bd7 9. Qb3 Qc7 10. e3 b6 11. h3 O-O 12. Be2 a6 13. a4 Bc8 14. O-O Bb7 15. Nd2
Nbd7 16. Nc4 Ne8 17. Rad1 f5 18. Rfe1 Rf7 19. Bf3 h6 20. Bh2 Kh7 21. g4 Rd8 22.
gxf5 Rxf5 23. Be4 Rg5+ 24. Bg2 Ne5 25. Nxe5 Bxe5 26. f4 Bxc3 27. Qxc3 Rf5 28.
e4 Rf7 29. e5 b5 30. axb5 axb5 31. Bg3 c4 32. Kh2 Qc5 33. Be4 dxe5 34. Qxe5 Nd6
35. Qe6 Rg7 36. Bxg6+ Rxg6 37. Qe7+ Rg7 38. Qxd8 Nf5 39. Re8 Nxg3 40. Rh8+ Kg6
41. Qe8+ Rf7 42. Rg8+ 1-0